MLS TOTS - FIFA 21 - Statystyki

Ogólne statystyki
  • Ten quiz został rozwiązany 35 razy
  • Średni wynik to 5 z 11
Statystyki odpowiedzi
Overall Narodowość Klub Piłkarz % Poprawnych
93 Portugalia Orlando City Nani
93%
87 Jamajka Philadelphia Union Blake
57%
91 Hiszpania Toronto Pozuelo
54%
92 Urugwaj Los Angeles FC Rossi
50%
89 Urugwaj Seattle Sounders Lodeiro
43%
89 Niemcy Philadelphia Union Wagner
43%
90 Peru Seattle Sounders Ruidiaz
39%
86 USA Nashville Zimmerman
36%
85 Ghana Columbus Crew Mensah
32%
89 Argentyna San Jose Earthquakes Espinoza
29%
88 Szwecja New York City Tinnerholm
29%
Nie znaleziono quizów pasujących do podanych kryteriów
Rozkład punktacji
Procent ludzi z każdym wynikiem
Percentyl według liczby udzielonych odpowiedzi
Twoja historia wyników
Nie rozwiązałeś tego quizu